000 01189cam a2200349 4500
008 090401t1994 xxu||||| |||| 00| 0 eng d
020 _a0854066497
035 _a(Sirsi) u60363
041 _aeng
050 _a690.241
090 _aRICS 1994/29ABCD
100 _aScanlon, Kath
245 4 _aThe listing of buildings: the effect on value: report of research undertaken by the Property Research Unit, University of Cambridge, on behalf of English Heritage, the Department of National Heritage and the Royal Institution of Chartered Surveyors.
260 _aLondon
_bRICS
_c1994
300 _a25p. ; 30cm.
350 _a6
650 _aDEPARTMENT OF NATIONAL HERITAGE
650 _aECONOMIC IMPACT
650 _aENGLISH HERITAGE
650 _aLISTED BUILDINGS
650 _aMARKET VALUES
650 _aPROPERTY INVESTMENT
650 _aPROPERTY RESEARCH UNIT
650 _aValuation
_96273
690 _aPROPERTY-COMMERCIAL PROPERTY
700 _aEdge, Anne
700 _aWillmott, Trudy
710 _aRoyal Institution of Chartered Surveyors
_94900
710 _aUniversity of Cambridge
_bDepartment of Land Economy
_9201
942 _n0
948 _c04/03/1997
999 _c94229
_d94229